000 00377nam a2200133 i 4500
001 32121
003 ES-MaACL
007 t|
008 030221s1906 ho ||||1| spa d
245 0 3 _aLa población de Honduras en 1905.
260 _aTegucigalpa :
_bTipografía Nacional,
_c[1906]
300 _a13 p. ;
_c27 cm.
852 _aES-MaACL
_jG-3332
_q. - Encuadernado con otras obras
999 _c32121
_d32121